| 000 | 00482nam a2200181Ia 4500 | ||
|---|---|---|---|
| 003 | GCL | ||
| 008 | 140319s9999 xx 000 0 ara d | ||
| 040 |
_aGCL / _cGCL |
||
| 082 | 0 | 4 |
_a746.43 _bف ف |
| 100 | 1 | _aفتحية غيث | |
| 245 | 1 | 0 |
_aفن الكروشيه: الجزء الاول / _cفتحية غيث |
| 300 | _a420 | ||
| 490 |
_a100 قصة _v0 |
||
| 650 | 0 | 4 | _aشغل الابرة |
| 650 | 0 | 4 | _aاشغال الابرة |
| 650 | 0 | 4 | _aالكورشية |
| 942 |
_2ddc _cBK |
||
| 999 |
_c46373 _d46373 |
||